Statistics for Family Guy

Click here to take the quiz!

General Stats

  • This quiz has been taken 40 times
  • The average score is 16 of 20

Answer Stats

HintAnswer% Correct
Fat man's wifeLois
100%
GiggityQuagmire
100%
Had his own showCleveland
97%
Police OfficerJoe
97%
Previous MayorAdam
95%
He's a juniorCleveland Jr.
95%
Talking DogBrian
92%
Bullied DaughterMeg
92%
Football babyStewie
92%
Wheelchair guy wifeBonnie
89%
Stupid fat sonChris
89%
Hey Lois he he hePeter
89%
JewMort
86%
Lois DadCarter
84%
Creepy old guyHerbert
84%
WeathermanOllie
62%
Wood arms and legsSeamus
54%
Trans DadIda
51%
Wheelchair guy sonKevin
43%
PrincipalPrincipal Shepherd
27%

Score Distribution

Percentile by Number Answered

Percent of People with Each Score

Your Score History

You have not taken this quiz